Вып. 29; Геодезия, картография и аэрофотосъемка

Detaylı Bibliyografya
Parent link:Геодезия, картография и аэрофотосъемка: республиканский межведомственный научно-технический сборник/ Львовский политехнический институт. Вып. 29.— , 1964-
Diğer Yazarlar: Кравцов Н. И. Николай Иванович (редактор)
Dil:Rusça
Baskı/Yayın Bilgisi: 1979
Konular:
Materyal Türü: Kitap
KOHA link:https://koha.lib.tpu.ru/cgi-bin/koha/opac-detail.pl?biblionumber=334111

MARC

LEADER 00000nam2a2200000 4500
001 334111
005 20231102004625.0
035 |a (RuTPU)RU\TPU\book\360131 
035 |a RU\TPU\book\151760 
090 |a 334111 
100 |a 20170711d1979 k y0rusy5003 ca 
101 0 |a rus 
102 |a UA 
105 |a a z 001zy 
200 0 |a Вып. 29  |f отв. ред. Н. И. Кравцов 
210 |d 1979 
215 |a 138 с.  |c ил. 
320 |a Библиогр. в конце ст. 
461 1 |0 (RuTPU)RU\TPU\book\77931  |t Геодезия, картография и аэрофотосъемка  |o республиканский межведомственный научно-технический сборник  |f Львовский политехнический институт  |v Вып. 29  |d 1964- 
606 1 |a Геодезия  |2 stltpush  |3 (RuTPU)RU\TPU\subj\6015  |9 33982 
606 1 |a Картография  |2 stltpush  |3 (RuTPU)RU\TPU\subj\39381  |9 59494 
606 1 |a Аэрофотосъемка  |2 stltpush  |3 (RuTPU)RU\TPU\subj\29996  |9 53202 
610 1 |a геодезическая астрономия 
610 1 |a методы 
610 1 |a гравиметрия 
610 1 |a фигура Земли 
610 1 |a триангуляция 
610 1 |a трилатерация 
610 1 |a земная рефракция 
610 1 |a астрономическая рефракция 
610 1 |a инженерная геодезия 
610 1 |a фотограмметрия 
675 |a 528  |v 3 
675 |a 528.9  |v 3 
675 |a 528.711.112  |v 3 
702 1 |a Кравцов  |b Н. И.  |g Николай Иванович  |4 340 
801 0 |a RU  |b 63413507  |c 19950417  |g psbo 
801 1 |a RU  |b 63413507  |c 20080619  |g PSBO 
801 2 |a RU  |b 63413507  |c 20170712  |g RCR 
942 |c BK